La compo de Saint-Etienne lors du match retour face au FC Metz. - Statistiques

Statistiques générales
  • Ce quiz a été pris 100 fois
  • Le résultat moyen est 14 sur 17
Statistiques - réponses
Poste Nationalité Joueur % Correct
Gardien Français Gautier Larsonneur
99%
Attaquant droit Français Irvin Cardona
94%
Latéral gauche Français Léo Pétrot
93%
Buteur Malien Ibrahim Sissoko
92%
Milieu de terrain Marocain Aimen Moueffek
89%
Buteur Entré à la 102ème Sénégalais Ibrahima Wadji
89%
Attaquant gauche Français Mathieu Cafaro
87%
Défenseur central Français Mickael Nadé
87%
Latéral droit Français Dennis Appiah
86%
Défenseur central Congolais Dylan Batubinsika
86%
Milieu de terrain Français Florian Tardieu
84%
Latéral gauche/droit Entré à la 57ème Français Yvann Maçon
82%
Milieu de terrain Entré à la 57ème Français Thomas Monconduit
76%
Latéral gauche/attaquant gauche Entré a la 102ème Marocain Mahmoud Bentayg
70%
Attaquant gauche/droit Entré à la 79ème Français Nathanaël Mbuku
70%
Milieu de terrain Français Dylan Chambost
66%
Milieu de terrain Entré à la 97ème Français Lamine Fomba
59%
Aucun quiz correspondant
Distribution des résultats
% des personnes avec chaque résultat
Percentile par nombre de réponses
Votre historique - résultats
Vous n’avez pas pris ce quiz